01373nam a2200313Ia 4500001001200000003000800012006001900020007001500039008004100054020001500095020001800110040002100128035002100149050002700170082001500197100002300212245012600235260005600361300003000417504006400447533015200511650005600663650005200719650005000771651006600821655002900887710001700916856012600933ebr10434964CaPaEBRm u cr cn|||||||||080923s2009 mduab sb 001 0 eng d z0761841539 z9780761841531 aCaPaEBRcCaPaEBR a(OCoLC)37167268614aDS432.O53bP362 2009eb04a954.882221 aPandya, Vishvajit.10aIn the foresth[electronic resource] :bvisual and material worlds of Andamanese history (1858-2006) /cVishvajit Pandya. aLanham, Md. :bUniversity Press of America,cc2009. aix, 427 p. :bill., maps. aIncludes bibliographical references (p. 399-420) and index. aElectronic reproduction.bPalo Alto, Calif. :cebrary,d2011.nAvailable via World Wide Web.nAccess may be limited to ebrary affiliated libraries. 0aAndamanese (Indic people)xSocial life and customs. 0aJarawa (Indic people)xSocial life and customs. 0aOnge (Indic people)xSocial life and customs. 0aAndaman and Nicobar Islands (India)xSocial life and customs. 7aElectronic books.2local2 aebrary, Inc.40uhttp://site.ebrary.com/lib/rucke/Doc?id=10434964zAn electronic book accessible through the World Wide Web; click to view